Every girl : learning about menstruation
| Main Author: | |
|---|---|
| Format: | Book |
| Published: |
Petaling Jaya :
Pelanduk Publications (M) Sdn.Bhd. ,
1986
|
| Subjects: |
MARC
| LEADER | 00000cam a2200000 7i4500 | ||
|---|---|---|---|
| 001 | 0000037310 | ||
| 002 | 000040400 | ||
| 005 | 20000331.0 | ||
| 020 | |a 9679781348 | ||
| 090 | 0 | 0 | |a 612.662 |b DOA |
| 100 | 1 | |a Doan, Helen McKinnon | |
| 245 | 1 | 0 | |a Every girl : |b learning about menstruation |c Helen KcKinnon Doan |
| 260 | |a Petaling Jaya : |b Pelanduk Publications (M) Sdn.Bhd. , |c 1986 | ||
| 300 | |a 80p. ; |c 21cm. | ||
| 650 | 0 | 0 | |a Menstruation |
| 999 | |a 0004235 |b BUKU |c PINJAMAN |e PERPUSTAKAAN KOMUNITI PETALING JAYA | ||